|
|
|
|
| LEADER |
00000cam a2200000 7i4500 |
| 001 |
0000070620 |
| 005 |
20170220.0 |
| 008 |
170220 |
| 020 |
|
|
|a 9674601423
|
| 020 |
|
|
|a 9789674601423
|
| 090 |
0 |
0 |
|a 779.2092
|b SYE
|
| 100 |
0 |
|
|a Syed Osman Syed Yusoff
|
| 245 |
1 |
0 |
|a Lifescape :
|b a photographic documentary
|c Syed Osman Syed Yusoff & Zaffwan Idris
|
| 260 |
|
|
|a Kuala Lumpur :
|b Institut Terjemahan & Buku Malaysia Berhad ,
|c 2016
|
| 300 |
|
|
|a 123 p. :
|b ill.,col. ;
|c 22.8 cm.
|
| 650 |
|
0 |
|a Photography, artistic
|
| 650 |
|
0 |
|a Potrait photography
|
| 650 |
|
0 |
|a Still-life photography
|
| 999 |
|
|
|a 0001442505
|b Book
|c Adult Collection
|e Perbadanan Perpustakaan Awam Johor
|